000 02548cam a22002294a 4500
005 20250605164121.0
008 250528s ||||||||||||||||||||||||d
035 _a18280
020 _a013289100X
040 _aGR-AtMCL
_bgre
_dGR-AtMCL
_eAACR2
245 1 _aAuditing / An Integrated Approach: Sixth Edition
250 _a6th
260 _bPrentice Hall,
_c1994
300 _a800
505 0 _aPreface, The Auditing Profession, An Overview of Auditing, Audit Reports, Professional Ethics, Legal Liability, The Auditing Process, Audit Responsibilities and Objectives, Audit Evidence, Audit Planning and Documentation, Materiality and Risk, Overall Audit Plan and Audit Program, Application of the Auditing Process to the Sales and Collection Cycle, Audit of the Sales and Collection Cycle: Tests of Control and Substantive Tests of Transactions, Audit Sampling for Tests of Controls and Substantive Tests of Transactions, Completing the Tests in the Sales and Collection Cycle: Accounts Receivable, Audit Sampling for Tests of Details of Balances, Auditing Complex EDP Systems, Application of the Auditing Process to Other Cycles, Audit of the Payroll and Personnel Cycle, Audit of the Acquisition and Payment Cycle, The Acquisition and Payment Cycle: Verification of Selected Accounts, Audit of the Inventory and Warehousing Cycle, Audit of the Capital Acquisition and Repayment Cycle, Index.
520 _aPreface, The Auditing Profession, An Overview of Auditing, Audit Reports, Professional Ethics, Legal Liability, The Auditing Process, Audit Responsibilities and Objectives, Audit Evidence, Audit Planning and Documentation, Materiality and Risk, Overall Audit Plan and Audit Program, Application of the Auditing Process to the Sales and Collection Cycle, Audit of the Sales and Collection Cycle: Tests of Control and Substantive Tests of Transactions, Audit Sampling for Tests of Controls and Substantive Tests of Transactions, Completing the Tests in the Sales and Collection Cycle: Accounts Receivable, Audit Sampling for Tests of Details of Balances, Auditing Complex EDP Systems, Application of the Auditing Process to Other Cycles, Audit of the Payroll and Personnel Cycle, Audit of the Acquisition and Payment Cycle, The Acquisition and Payment Cycle: Verification of Selected Accounts, Audit of the Inventory and Warehousing Cycle, Audit of the Capital Acquisition and Repayment Cycle, Index.
700 1 _aArens Alvin A.
_94557
700 1 _aLoebbecke James K.
_94558
942 _cBK
999 _c3648
_d3648